003810000a2200085000450024501220000004100130012270000240013510000300015977301060018910aDinoflagellates of the genera Ceratium and Ornithocercus collected in the golfo de Salamanca, colombian Caribbean sea0 aInglés1 aGarcía, Camilo B.1 aFernández M., Carlos E.1 tRevista de la Academia Colombiana de Ciencias Exactas, Fisicas y Naturales332h85q539-559d1998g22